000 00344nam a2200133Ia 4500
008 240624s9999 xx 000 0 und d
041 _aeng
082 _a658.812 BUT
100 _aBUTTLE FRANCIS A
245 _aRELATIONSHIP MARKETING THEORY AND PRACTI
260 _c1996
_aLondon
_bSage Publications Ltd
300 _a214 : p.
365 _c
_b25
999 _c18115
_d18115